Kontynenty świata - Statystyki

Ogólne statystyki
  • Ten quiz został rozwiązany 278 razy
    263 od ostatniego zresetowania
  • Średni wynik to 5 z 7
Statystyki odpowiedzi
Odpowiedzi % Poprawnych
Azja
93%
Europa
93%
Ameryka północna
85%
Ameryka południowa
77%
Afryka
75%
Australia|Oceania
66%
Antarktyda
50%
Nie znaleziono quizów pasujących do podanych kryteriów
Rozkład punktacji
Procent ludzi z każdym wynikiem
Percentyl według liczby udzielonych odpowiedzi
Twoja historia wyników
Nie rozwiązałeś tego quizu od ostatniego zresetowania